Portál verejnej správy - nové služby pre občana

Ústredný portál verejnej správy - charakteristika, úlohy, štruktúra. Informačná sekcia. Registrácia na portáli. Služby pre občana - evidencia a doklady, životné krízy, občan vo vzťahu k štátu. Poskytovanie špecifických služieb verejnej správy. Využitie multifunkčných čipových kariet.

Guardado en:
Detalles Bibliográficos
Autor principal: Hrašková, Dagmar
Formato: Capítulo de libro
Lenguaje:eslovaco
Materias:
Etiquetas: Agregar Etiqueta
Sin Etiquetas, Sea el primero en etiquetar este registro!

MARC

LEADER 00000naa$a2200000$$$4500
001 0103011
005 20231120114052.8
041 0 |a slo 
044 |a SK 
245 1 0 |a Portál verejnej správy - nové služby pre občana  |c Dagmar Hrašková 
520 |a Ústredný portál verejnej správy - charakteristika, úlohy, štruktúra. Informačná sekcia. Registrácia na portáli. Služby pre občana - evidencia a doklady, životné krízy, občan vo vzťahu k štátu. Poskytovanie špecifických služieb verejnej správy. Využitie multifunkčných čipových kariet. 
610 2 0 |a správa verejná 
610 2 0 |a správa verejná elektronická 
610 2 0 |a internet 
610 2 0 |a informácie 
610 2 0 |a zdroje informačné elektronické 
610 2 0 |a služby 
610 2 0 |a občania 
610 2 0 |a karty čipové 
100 1 |a Hrašková, Dagmar